Sobre la resistencia a las violaciones de los derechos humanos

Αποθηκεύτηκε σε:
Λεπτομέρειες βιβλιογραφικής εγγραφής
Κύριοι συγγραφείς: Eide, Asbj Orn (Συγγραφέας), Ghozali, Nassez Eddine (Συγγραφέας), Kunene, Mazisi (Συγγραφέας), Tomuschat, Christian (Συγγραφέας), Youssoufi, Abderrahman (Συγγραφέας), Kaké, Ibrahima Baba (Συγγραφέας), Minh, Tran van (Συγγραφέας), Pathmanathan, Murugesu (Συγγραφέας)
Μορφή: Βιβλίο
Γλώσσα:Ισπανικά
Έκδοση: Barcelona Serbal 1984
Σειρά:Libros del tiempo, 16
Θέματα:
Ετικέτες: Προσθήκη ετικέτας
Δεν υπάρχουν, Καταχωρήστε ετικέτα πρώτοι!

MARC

LEADER 00000nam a2200000 a 4500
001 UCV1976
003 CL-VaPUC
008 910718e19840000SP |||||||||||||||||spa|d
082 0 4 |a 323.4  |b EID  |2 21 
100 0 |a Eide, Asbj Orn  |e author  |9 296139 
700 0 |a Ghozali, Nassez Eddine  |e author  |9 296140 
700 0 |a Kunene, Mazisi  |e author  |9 296141 
700 0 |a Tomuschat, Christian  |e author  |9 296142 
700 0 |a Youssoufi, Abderrahman  |e author  |9 296143 
700 0 |a Kaké, Ibrahima Baba  |e author  |9 296144 
700 0 |a Minh, Tran van  |e author  |9 296145 
700 0 |a Pathmanathan, Murugesu  |e author  |9 296146 
245 1 0 |a Sobre la resistencia a las violaciones de los derechos humanos 
300 |a 266 p 
942 |c BK 
945 |d 19910718 00:00:00 
260 |a Barcelona  |b Serbal  |c 1984 
500 |a Trabajos debatidos en la reunión de expertos dedicada al análisis de los fundamentos y formas de la acción individual y colectiva de oposición a las violaciones de los derechos humanos, celebrada en Freetown, Sierra Leona, del 3 al 7 de marzo de 1981 
650 0 |a Apartheid  |9 257043 
650 0 |a Derechos humanos  |9 223025 
583 |a last modification  |c 19910718 00:00:00  |k Rodrigo Vera 
490 0 |a Libros del tiempo, 16 
999 |c 209685  |d 209683 
952 |0 0  |1 0  |4 0  |6 323_400000000000000_EID_1984  |7 0  |8 A  |9 185289  |a BIBDER  |b BIBDER  |d 2019-11-14  |i 2527936  |o 323.4 EID 1984  |p 2527936  |r 2023-01-25  |w 2019-11-14  |y BK  |k DER